00564nam a2200109Ia 4500008004100000245003200041300021900073650000900292856006200301999001900363952007200382170517s9999 xx 000 0 und d aElvis: That's the Way It Is aMost of us know a little something about Elvis. He was born in Tupelo, Mississippi and later moved to Memphis, Tennessee. He was a twin however his brother, Jesse Garon, was stillborn and so he ended up being an... xArt. uhttp://topdocumentaryfilms.com/elvis-thats-the-way-it-is/ c333134d333134 001040aCLbCLd2017-05-17l0r2017-05-17 00:00:00w2017-05-17yDF